Religion Quiz

Random Religion or Typing Quiz

Godly Typing Challenge Quiz Stats

 Plays Quiz Updated Jun 22, 2015

Challenge
Share
Tweet
Embed
Score 0/42 Timer 01:00
8 Plays Today
God Typed God % Correct
????
100%
????
98.5%
????
97.9%
????
97.3%
????
96.8%
????
96.2%
????
95.7%
????
95.2%
????
94.9%
????
94.6%
????
94.2%
????
93.9%
????
93.6%
????
93.1%
????
92.6%
????
91.9%
????
90.9%
????
89.7%
????
87.8%
????
86.6%
????
85%
God Typed God % Correct
????
82.5%
????
80.2%
????
76.4%
????
69.5%
????
66.1%
????
61.9%
????
54.9%
????
49.3%
????
39.8%
????
34.6%
????
28.8%
????
24.4%
????
20.3%
????
15.8%
????
13.2%
????
10%
????
6.9%
????
5.1%
????
3.3%
????
1.5%
????
0.7%

You're not logged in!

Compare scores with friends on all Sporcle quizzes.
OR
Log In

You Might Also Like...

Show Comments

Extras

Top Quizzes Today


Score Distribution

Your Account Isn't Verified!

In order to create a playlist on Sporcle, you need to verify the email address you used during registration. Go to your Sporcle Settings to finish the process.

Report this User

Report this user for behavior that violates our Community Guidelines.

Details: